Mother Teresa (Record no. 14976)

MARC details
000 -LEADER
fixed length control field 00563nam a2200229 a 4500
020 ## - INTERNATIONAL STANDARD BOOK NUMBER
ISBN 9788173625435
082 00 - DEWEY DECIMAL CLASSIFICATION NUMBER
Classification number 235.2
Author Cutter WEL
100 ## - MAIN ENTRY--AUTHOR NAME
Author name Wellman, Sam
245 ## - TITLE STATEMENT
Title Mother Teresa
Sub title Mission of Charity
260 ## - PUBLICATION, DISTRIBUTION, ETC. (IMPRINT)
Place of publication Sec-Bad
Name of publisher Authentic Books
Year of publication 2003
300 ## - PHYSICAL DESCRIPTION
Number of Pages 202p
500 ## - GENERAL NOTE
General note includes index and biblioraphy
650 ## - SUBJECT ADDED ENTRY--TOPICAL TERM
Topical Term Mother Teresa
942 ## - ADDED ENTRY ELEMENTS (KOHA)
Koha item type Books
700 1# -
-- Wellman, Sam
Holdings
Collection code Home library Current library Date acquired Cost, normal purchase price Full call number Accession Number Koha item type
  Henry Martyn Institute Library Henry Martyn Institute Library 04/13/2010 99.00 235.2 WEL 023257 Books
                   Copyright © 2026 | Henry Martyn Institute | Hyderabad | TS-500052 | INDIA | Implemented by hmi.edu.in
Hit-Count:

Powered by Koha